Indian Financial System (Record no. 93221)
[ view plain ]
| 000 -LEADER | |
|---|---|
| fixed length control field | 00510nam a2200205Ia 4500 |
| 008 - FIXED-LENGTH DATA ELEMENTS--GENERAL INFORMATION | |
| fixed length control field | 230125s9999 xx 000 0 und d |
| 020 ## - INTERNATIONAL STANDARD BOOK NUMBER | |
| International Standard Book Number | 0-07-061643-4 |
| 041 ## - LANGUAGE CODE | |
| Language code of text/sound track or separate title | eng |
| 082 ## - DEWEY DECIMAL CLASSIFICATION NUMBER | |
| Classification number | 658.15954 |
| Item number | KHA |
| 100 ## - MAIN ENTRY--PERSONAL NAME | |
| Personal name | Khan M Y |
| 9 (RLIN) | 106291 |
| 245 ## - TITLE STATEMENT | |
| Title | Indian Financial System |
| 250 ## - EDITION STATEMENT | |
| Edition statement | 5th Ed. |
| 260 ## - PUBLICATION, DISTRIBUTION, ETC. (IMPRINT) | |
| Date of publication, distribution, etc. | 2007 |
| Name of publisher, distributor, etc. | Tata Mcgraw Hill |
| Place of publication, distribution, etc. | New Delhi |
| 300 ## - PHYSICAL DESCRIPTION | |
| Extent | - |
| 500 ## - GENERAL NOTE | |
| Keywords | Indian Financial System |
| 650 ## - SUBJECT ADDED ENTRY--TOPICAL TERM | |
| Topical term or geographic name as entry element | Financial Management |
| 700 ## - ADDED ENTRY--PERSONAL NAME | |
| Personal name | Khan M Y |
| 9 (RLIN) | 106291 |
| 906 ## - LOCAL DATA ELEMENT F, LDF (RLIN) | |
| b | 79 |
| Withdrawn status | Lost status | Damaged status | Not for loan | Home library | Current library | Date acquired | Vendor | Cost, normal purchase price | Full call number | Barcode | Date last seen | Cost, replacement price | Bill Date | Koha item type | Original Barcode |
|---|---|---|---|---|---|---|---|---|---|---|---|---|---|---|---|
| Withdrawn 2022-23 | Smt. Hiraben Nanavati Institute of Management & Research for Women | Smt. Hiraben Nanavati Institute of Management & Research for Women | 06/08/2007 | Pritam Book Centre | 395.00 | 658.15954 KHA B05829 | HIMR-BK-5829 | 25/01/2023 | 316.00 | 06/08/2007 | Books | B05829 | |||
| Withdrawn 2022-23 | Smt. Hiraben Nanavati Institute of Management & Research for Women | Smt. Hiraben Nanavati Institute of Management & Research for Women | 06/08/2007 | Pritam Book Centre | 395.00 | 658.15954 KHA B05830 | HIMR-BK-5830 | 25/01/2023 | 316.00 | 06/08/2007 | Books | B05830 | |||
| Withdrawn 2022-23 | Smt. Hiraben Nanavati Institute of Management & Research for Women | Smt. Hiraben Nanavati Institute of Management & Research for Women | 09/07/2008 | Satya Gilani | 658.15954 KHA DB1342 | HIMR-DB-1342 | 25/01/2023 | 25/01/2023 | Donated Book | DB1342 |